Zákon o cenných papírech.
Od 1.1.1993 vstupuje do platnosti nový zákon o cenných papieroch, ktorý upravuje vydávanie zaknihovaných cenných papierov a manipuláciu s nimi, stredisko zaknihovaných cenných papierov, obchodovanie s cennými papiermi, určuje organizátorov mimoburzového trhu, zavádza kategóriu verejno obchodovateľný...
Gespeichert in:
| 1. Verfasser: | |
|---|---|
| Format: | Buchkapitel |
| Sprache: | Tschechisch |
| Schlagworte: | |
| Tags: |
Keine Tags, Fügen Sie das erste Tag hinzu!
|
MARC
| LEADER | 00000naa a2200000 4500 | ||
|---|---|---|---|
| 001 | r011142 | ||
| 005 | 20220831084239.9 | ||
| 041 | 0 | |a cze | |
| 044 | |a [CS] | ||
| 245 | 1 | 0 | |a Zákon o cenných papírech. |c D. Libnar |
| 520 | |a Od 1.1.1993 vstupuje do platnosti nový zákon o cenných papieroch, ktorý upravuje vydávanie zaknihovaných cenných papierov a manipuláciu s nimi, stredisko zaknihovaných cenných papierov, obchodovanie s cennými papiermi, určuje organizátorov mimoburzového trhu, zavádza kategóriu verejno obchodovateľných cenných papierov, obsahuje ustanovenia o ochrane finančného trhu a vymedzuje úlohy štátneho dozoru v tejto oblasti. | ||
| 610 | 2 | 0 | |a papiere cenné |
| 610 | 2 | 0 | |a zákony |
| 610 | 2 | 0 | |a ČSFR |
| 610 | 2 | 0 | |a 1993 |
| 610 | 2 | 0 | |a zákonník obchodný |
| 100 | 1 | |a Libnar, D. | |